Wszyscy mistrzowie Liga Nos - Statystyki

Ogólne statystyki
  • Ten quiz został rozwiązany 33 razy
  • Średni wynik to 4 z 5
Statystyki odpowiedzi
Ilość zwycięstw Klub % Poprawnych
38 Benfica
100%
30 Porto
100%
21 Sporting
100%
1 Boavista
39%
1 Belenenses
29%
Nie znaleziono quizów pasujących do podanych kryteriów
Rozkład punktacji
Procent ludzi z każdym wynikiem
Percentyl według liczby udzielonych odpowiedzi
Twoja historia wyników
Nie rozwiązałeś tego quizu